Catalogue of Hispano-Moresque pottery in the collection of the Hispanic Society of America (Record no. 5495)

MARC details
000 -CABECERA
campo de control de longitud fija 01020nam a2200265 a 4500
001 - NÚMERO DE CONTROL
campo de control BRCA_5806
005 - FECHA Y HORA DE LA ÚLTIMA TRANSACCIÓN
campo de control 20190320205224.0
008 - DATOS DE LONGITUD FIJA--INFORMACIÓN GENERAL
campo de control de longitud fija 100311s1936----nyua######---o000-0#eng-#
041 ## - CÓDIGO DE LENGUA
Código de lengua del texto/banda sonora o título independiente eng
044 ## - CÓDIGO DEL PAÍS DE LA ENTIDAD EDITORA/PRODUCTORA
Código MARC del país nyu
050 #4 - SIGNATURA TOPOGRÁFICA DE LA BIBLIOTECA DEL CONGRESO
Número de clasificación NK4310
Número de documento/Ítem .F76 1 1936
100 1# - ENTRADA PRINCIPAL--NOMBRE DE PERSONA
Nombre de persona Frothingham, Alice Wilson
9 (RLIN) 14711
245 10 - MENCIÓN DE TÍTULO
Título Catalogue of Hispano-Moresque pottery in the collection of the Hispanic Society of America
Mención de responsabilidad, etc. by Alice Wilson Frothingham.
260 ## - PUBLICACIÓN, DISTRIBUCIÓN, ETC.
Lugar de publicación, distribución, etc. Nueva York
Nombre del editor, distribuidor, etc. Order of the Trustees
Fecha de publicación, distribución, etc. 1936
300 ## - DESCRIPCIÓN FÍSICA
Extensión lxxxii, xlviii, 291 p.
Otras características físicas il., 48 láminas
Dimensiones 20 cm.
440 #0 - MENCIÓN DE SERIE/PUNTO DE ACCESO ADICIONAL--TÍTULO
Título Hispanic notes & monographs: essays, studies, and brief biographies issued by the Hispanic Society of America
Nombre de parte o sección de la obra Catalogue series
9 (RLIN) 14712
500 ## - NOTA GENERAL
Nota general Incluye índice alfabético
500 ## - NOTA GENERAL
Nota general Ejemplar igual a M62, M66, N19-N20 y 31-55 (3155)
500 ## - NOTA GENERAL
Nota general CEF43
504 ## - NOTA DE BIBLIOGRAFÍA, ETC.
Nota de bibliografía, etc. Bibliografía: p. 258-270
610 24 - PUNTO DE ACCESO ADICIONAL DE MATERIA--NOMBRE DE ENTIDAD CORPORATIVA
Nombre de entidad corporativa o nombre de jurisdicción como elemento de entrada Hispanic Society of America
9 (RLIN) 14713
650 14 - PUNTO DE ACCESO ADICIONAL DE MATERIA--TÉRMINO DE MATERIA
Término de materia o nombre geográfico como elemento de entrada Cerámica hispano-morisca
Subdivisión de forma Catálogos
9 (RLIN) 14714
902 ## - CATALOGADOR
Iniciales GFM
942 ## - ELEMENTOS DE PUNTO DE ACCESO ADICIONAL (KOHA)
Fuente del sistema de clasificación o colocación Library of Congress Classification
Tipo de ítem Koha Libros
Holdings
Estado de retiro Estado de pérdida Estado dañado No para préstamo Localización permanente Ubicación/localización actual Fecha de adquisición Número de inventario Total de préstamos Signatura topográfica completa Código de barras Fecha visto por última vez Precio válido a partir de Tipo de ítem Koha
El ejemplar forma parte de la colección y puede ser consultado según las políticas vigentes.       Biblioteca del Museo Franz Mayer (Rogerio Casas-Alatriste) Biblioteca del Museo Franz Mayer (Rogerio Casas-Alatriste) 10/03/2011 CEF43   NK4310 .F76 1 1936 (CEF43) 6245 22/03/2019 22/03/2019 Libros